| 000 | 00633nam a2200181 4500 | ||
|---|---|---|---|
| 001 | 132445 | ||
| 003 | ES-MaACL | ||
| 005 | 20251003063125.0 | ||
| 007 | t| | ||
| 008 | 070214s1921 fr r ||||1| fre d | ||
| 100 | 1 |
_aRomains, Jules, _d1885-1972 _999206 |
|
| 245 | 1 | 0 |
_aAmour couleur de Paris / _cJules Romains (seud.) ; suivi de plusieurs autres poémes avec un portrait de l'auteur gravé par A. D. de Segonzac. |
| 260 |
_aParis : _bNouvelle Revue Française, _c1921. |
||
| 300 |
_a46 p. : _b`retr. aut` ; _c18 cm. |
||
| 700 | 1 |
_aSegonzac, A. D. de. _9105137 |
|
| 852 |
_aES-MaACL _j1630-F-6 |
||
| 999 |
_c132445 _d132445 |
||